01569nam a22002057a 450000500170000000800410001702000180005804000070007604100080008308200200009110000210011124500210013226000380015330000270019136500560021852010210027465000290129565000210132465000180134520260124120111.0230523b ||||| |||| 00| 0 eng d a9781338678888 cAL aeng 223a813.6bBROG aIndia Hill Brown aGirl in the lake aNew York bScholastic Pressc2022 aiv,209p.bHBc21x14cm. 2Englisha1170b399.00c₹d499.00e20%f17-05-2023 aCeleste knows she should be excited to spend two weeks at her grandparents' lake house with her brother, Owen, and their cousins Capri and Daisy, but she's not. Bugs, bad cell reception, and the dark waters of the lake... no thanks. On top of that, she just failed her swim test and hates being in the water―it's terrifying. But her grandparents are strong believers in their family knowing how to swim, especially having grown up during a time of segregation at public pools. And soon strange things start happening―the sound of footsteps overhead late at night. A flickering light in the attic window. And Celete's cousins start accusing her of pranking them when she's been no where near them! Things at the old house only get spookier until one evening when Celeste looks in the steamy mirror after a shower and sees her face, but twisted, different... Who is the girl in the mirror? And what does she want? Past and present mingle in this spine-tingling ghost story by award-winning author India Hill Brown. aAmercian English Fiction aEnglish Fiction  aEnglish Novel